| 000 | 01052nam a2200265Ia 4500 | ||
|---|---|---|---|
| 003 | OSt | ||
| 005 | 20200821140504.0 | ||
| 008 | 191128s1995 cl gr 000 0dspa d | ||
| 020 | _a9561011077 | ||
| 040 |
_aCo-JMCR _cCo-JMCR |
||
| 041 | 0 | _aspa | |
| 082 | 0 | 4 |
_a368.4083 / _bM371a _223 |
| 100 | 1 |
_aMiranda Salas, Eduardo, _eautor _99066 |
|
| 245 | 1 | 0 |
_aAnálisis del sistema de fondos de pensiones : _bperspectivas e interrogantes / _cEduardo Miranda Salas, Eduardo Rodríguez Silva |
| 250 | _aPrimera edición | ||
| 260 |
_aSantiago de Chile : _bEditorial Jurídica de Chile, _c1995. |
||
| 300 |
_a165 páginas ; _c23 cm. |
||
| 500 | _aIncluye datos biográficos del los autores en solapa frontal. | ||
| 504 | _aBibliografía : páginas 161-162. | ||
| 505 | 0 | _aProtyección del sistemas El modelo operacional -- Análisis socioprevisional -- Análisis financiero -- El afiliado ante el sisitema | |
| 650 | 2 | 4 |
_aFondos de pensiones _95934 |
| 650 | 2 | 4 |
_aPensiones _99067 |
| 700 |
_aRodríguez Silva, Eduardo, _eautor _99068 |
||
| 942 |
_2ddc _cBK |
||
| 999 |
_c6051 _d6051 |
||